000 00414nam a2200157 i 4500
001 50001
003 ES-MaACL
005 20230906162111.0
007 t|
008 030728s1968 sp ||||1| cat d
100 1 _aCrexelles, Juan.
_941586
245 1 3 _aLa historia a l'inrerés /
_cJoan Crexelles.
260 _aBarcelona :
_bA.C,
_c[1968]
300 _a236 p. ;
_c19 cm.
852 _aES-MaACL
_jC-50894
_bR.65573
999 _c50001
_d50001